000 00815nam a22002177a 4500
005 20240530110931.0
008 220214s2006 ua a g 000 0 ara d
017 _bمصر. دار الكتب
040 _aEG-CaGPL
_cEG-CaGPL
082 0 4 _221
_a909.07\
_bإ د
100 0 _aابراهيم سعيد فهيم محمود
245 1 0 _aدراسات فى تاريخ العصور الوسطى وحضارتها /
_cابراهيم سعيد فهيم محمود
250 _aط. 1
260 _aالاسكندرية :
_bدار المعرفة الجامعية،
_c2006
300 _a316 ص. ؛
_c24 سم
650 0 7 _aالفتوحات الاسلامية
650 0 7 _aالتاريخ الاسلامى
651 0 7 _aفلسطين
_xتاريخ
942 _2ddc
_cBK
999 _c66658
_d66658